Sociálne a zdravotné poistenie podľa koordinačných nariadení EÚ
Základné princípy sociálneho zabezpečenia občanov Európskej únie. Zásada jednej uplatniteľnej legislatívy. Vyslanie zamestnanca do iného členského štátu EÚ a povinnosť zamestnávateľa žiadať príslušnú pobočku sociálnej poisťovne o vystavenie dokumentu PD A1. Sociálne a zdravotné poistenie pri výkone...
Guardado en:
| Autor principal: | |
|---|---|
| Formato: | Capítulo de libro |
| Lenguaje: | eslovaco |
| Materias: | |
| Etiquetas: |
Sin Etiquetas, Sea el primero en etiquetar este registro!
|
MARC
| LEADER | 00000naa a2200000 4500 | ||
|---|---|---|---|
| 001 | 0178817 | ||
| 005 | 20231109104258.7 | ||
| 041 | 0 | |a slo | |
| 044 | |a SK | ||
| 245 | 1 | 0 | |a Sociálne a zdravotné poistenie podľa koordinačných nariadení EÚ |c Jolana Strýčková |
| 520 | |a Základné princípy sociálneho zabezpečenia občanov Európskej únie. Zásada jednej uplatniteľnej legislatívy. Vyslanie zamestnanca do iného členského štátu EÚ a povinnosť zamestnávateľa žiadať príslušnú pobočku sociálnej poisťovne o vystavenie dokumentu PD A1. Sociálne a zdravotné poistenie pri výkone práce vo viacerých členských štátoch. Uplatňovanie nároku na nemocenské a dôchodkové dávky občanov EÚ. Príklady z praxe. | ||
| 610 | 2 | 0 | |a zabezpečenie sociálne |
| 610 | 2 | 0 | |a poistenie sociálne |
| 610 | 2 | 0 | |a poistenie zdravotné |
| 610 | 2 | 0 | |a dávky poistenia nemocenského |
| 610 | 2 | 0 | |a dávky dôchodkové |
| 610 | 2 | 0 | |a práca v zahraničí |
| 610 | 2 | 0 | |a legislatíva |
| 610 | 2 | 0 | |a Európska únia |
| 100 | 1 | |a Strýčková, Jolana | |